| 000 | 00808nam a2200277Ia 4500 | ||
|---|---|---|---|
| 003 | OSt | ||
| 005 | 20221006160159.0 | ||
| 006 | a|||||r|||| 00| 0 | ||
| 007 | ta | ||
| 008 | 221006b |||||||| |||| 00| 0 eng d | ||
| 020 |
_a9788975740923 _cW9,000 |
||
| 024 | _a44,530 | ||
| 037 |
_bGift, Koren Embassy _cTextual |
||
| 040 |
_aEASL _cEASL _beng |
||
| 041 |
_2eng _aeng |
||
| 082 | _aO495,1N15, N8 | ||
| 100 |
_aSo Chong ju _9672241 |
||
| 245 | 0 | _aEarley lyrics 1941-1960 | |
| 260 |
_aSeoul _bDapGae books Korea _c1999 |
||
| 300 |
_a306p. _ccm. |
||
| 490 |
_v KEL _aEnglish translation of Korean literature series .3 |
||
| 500 | _aBilingual - English-Korea | ||
| 650 | _aKEL | ||
| 942 |
_hO495,1N15, N8 _cTEXL _2CC |
||
| 999 |
_c1112622 _d1112622 |
||